000 01133nam a2200313 i 4500
003 EG-GICUC
005 20260121101232.0
008 251117s2015 UA ||||fr|||| 000 0 ARA d
040 _a EG-GICUC
_bara
_c EG-GICUC
_d EG-GICUC
_erda
041 0 _aARA
082 0 4 _221
_a341.85
_bم ح . ل
092 0 4 _221
099 _aLAW 1 11 2015 341.85 م ح . ل
100 0 _aمحمود لطفي محمود عبد العزيز ،
_eمؤلف.
245 1 0 _aلغة التحكيم /
_cتأليف دكتور محمود لطفي محمود عبد العزيز .
264 1 _aدون مكان نشر :
_bدون ناشر ،
_c2015 .
300 _a؛ 132 صفحة
_c24 سم
336 _2rda content
_atext
337 _2rda media
_aComputer
338 _2rda carrier
_aOnline Resource
504 _aيشتمل على ارجاعات ببليو جلرافية .
546 _aالنص باللغة العربية
650 1 4 _aالقانون الدولي
650 1 4 _aالتحكيم - قانون دولي
651 1 _2qrmak
856 4 0 _uhttps://fll.law.cu.edu.eg/fulltext/bks/B12-01426.pdf
905 _a76
942 _2ddc
_cBK
_e21
_n0
999 _c43777
_d43777